{"text_format":"3","workbook":"xlsx","n_sheets":3,"sheets":["Sheet1","Sheet2","Sheet3"],"read":"whole","date_system":"1900"}

{"sheet":"Sheet1","index":0,"n_rows":21,"n_cols":7,"rows_kept":21,"merged":[[0,0,0,6],[1,0,1,6],[2,0,3,0],[2,1,3,1],[2,2,3,2],[2,3,3,3],[2,4,2,5],[2,6,3,6]]}
["控制价清单表"]
["隆润朗景台项目-（车库）商品混凝土及（车库、高层、合院、商业、商业服务用房）砂浆材料采购控制价清单"]
["序号","项目名称","单位","暂定工程量","控制价（含税13%）",null,"备注"]
[{"$nulls":4},"材料单价(元）","材料合价(元)"]
[1,"C15","m3",{"v":1942.55768176318,"d":"1942.56"},435.05,{"$f":"D5*E5","v":{"v":845109.719451071,"d":"845109.72"}}]
[2,"C20","m3",{"v":987.369085796753,"d":"987.37"},449.81,{"v":444128.488482237,"d":"444128.49"}]
[3,"C25","m3",{"v":107.049895487626,"d":"107.05"},461.04,{"v":49354.2838156151,"d":"49354.28"}]
[4,"C30","m3",{"v":5357.73380564184,"d":"5357.73"},472.34,{"v":2530671.98575687,"d":"2530671.99"}]
[5,"C30+P8","m3",{"v":14028.5436188789,"d":"14028.54"},491.55,{"v":6895730.61585992,"d":"6895730.62"},"若采用P6，在C30+P8的价格基础上-10元/m3"]
[6,"C20细石","m3",{"v":1016.18402407607,"d":"1016.18"},461.04,{"v":468501.482460031,"d":"468501.48"},"其他标号细石混凝土在同标号混凝土价格基础上+15元/m3"]
[7,"C35","m3",{"v":298.817616555792,"d":"298.82"},491.55,{"v":146883.799418,"d":"146883.80"}]
[8,"C35+P8","m3",{"v":861.020271799866,"d":"861.02"},{"v":497.2,"d":"497.20"},{"v":428099.279138893,"d":"428099.28"}]
[9,"M5湿拌砌筑砂浆","m3",{"v":2044.921,"d":"2044.92"},471.21,{"v":963587.22441,"d":"963587.22"}]
[10,"M7.5湿拌砌筑砂浆","m3",{"v":610.138,"d":"610.14"},476.86,{"v":290950.40668,"d":"290950.41"}]
[11,"M10湿拌砌筑砂浆","m3",{"v":323.261,"d":"323.26"},482.51,{"v":155976.66511,"d":"155976.67"}]
[12,"M15湿拌地面砂浆","m3",{"v":1822.466,"d":"1822.47"},551.44,{"v":1004980.65104,"d":"1004980.65"}]
[13,"M20湿拌地面砂浆","m3",{"v":1576.659,"d":"1576.66"},560.48,{"v":883685.83632,"d":"883685.84"}]
[14,"M5湿拌抹灰砂浆","m3",{"v":930.579,"d":"930.58"},491.55,{"v":457426.10745,"d":"457426.11"}]
[15,"M15湿拌抹灰砂浆","m3",{"v":2013.492,"d":"2013.49"},528.84,{"v":1064815.10928,"d":"1064815.11"}]
[16,"M20湿拌抹灰砂浆","m3",{"v":174.273,"d":"174.27"},540.14,{"v":94131.81822,"d":"94131.82"}]
[17,"合计","元",null,null,{"$f":"SUM(F5:F20)","v":16724033.4728926},"如采用水下混凝土或加膨胀剂时，在同标号混凝土价格基础上+15元/m3。"]

{"sheet":"Sheet2","index":1,"n_rows":0,"n_cols":0,"rows_kept":0}

{"sheet":"Sheet3","index":2,"n_rows":0,"n_cols":0,"rows_kept":0}